000 01017nam0a2200277 4500
001 RU\NLR\bibl\1243450
005 20260407083125.0
021 _aRU
_b2008-31617
_91748
035 _a(NLR Aleph) 001229617
090 _a190074
_c190074
100 _a20080620d2008 |||y0rusy50 ca
101 0 _arus
102 _aRU
105 _aa |||||||||
200 1 _aКаталог продукции ОАО "Электрокабель" Кольчугинский завод
205 _a5-е изд.
_b[ред. 2008 г.]
210 _aВладимир
_cАркаим
_d2008
215 _a287 с.
_cил., цв. ил.
_d29
606 1 _aКабели
_jКаталоги
_91309263
_3RU\NLR\auth\66226255
686 _aЗ232.32я87
710 0 2 _4070
_a"Электрокабель" Кольчугинский завод", открытое акционерное общество
_3RU\NLR\AUTH\8810043971
_9587400
801 0 _aRU
_bNLR
_c20050721
_grcr
801 1 _aRU
_bNLR
_c20050721
942 _cBOOK
980 _aNB